[Event "HCL-A2621"]
[Site "www.playchess.de"]
[Date "2006.02.23"]
[Round "10"]
[White "PhilipKaveny"]
[Black "mrchess"]
[WhiteElo "1324"]
[BlackElo "1473"]
[PlyCount "33"]
[Result "1-0"]

1.e4 e5 2.Bc4 Bc5 3.Nf3 d6 4.c3 Nf6 5.d4 exd4 
6.O-O dxc3 7.Nxc3 O-O 8.h3 Re8 9.Ng5 Re7 10.Qb3 
Qe8 11.Bf4 Nc6 12.Nd5 Nxd5 13.Bxd5 Na5 14.Qc2 Nc6 
15.e5 Nxe5 16.Qxh7+ Kf8 17.Qh8+ 1-0

[Event "HCL-C4001"]
[Site "www.playchess.de"]
[Date "2006.02.23"]
[Round "13"]
[White "Farquhart"]
[Black "Kelthek"]
[WhiteElo "373"]
[BlackElo "622"]
[PlyCount "116"]
[Result "0-1"]

1.e4 e5 2.Nf3 Nc6 3.d3 Bb4+ 4.c3 Bc5 5.d4 exd4 
6.cxd4 Bb4+ 7.Bd2 Nf6 8.Bxb4 Nxb4 9.a3 Nc6 10.Bc4 
O-O 11.Ng5 b6 12.Qb3 Nxd4 13.Bxf7+ Rxf7 14.Qxf7+ 
Kh8 15.Nc3 d6 16.Rd1 Nc2+ 17.Kd2 Qe8 18.Qxc7 Qd7 
19.Nb5 Nd4 20.Qxd7 Bxd7 21.Nf7+ Kg8 22.Nxd4 Nxe4+ 
23.Kd3 Re8 24.f3 Nf2+ 25.Kd2 d5 26.Nd6 Re3 27.Kxe3 
Ne4 28.Nxe4 dxe4 29.fxe4 g6 30.Nf3 Ba4 31.Rd8+ Kg7 
32.Rd7+ Bxd7 33.Ne5 Ba4 34.Rf1 Bb5 35.Rf7+ Kh6 
36.Ng4+ Kg5 37.Nf6 Bc4 38.Nxh7+ Kh6 39.Nf8 Bxf7 
40.e5 Kg7 41.Nd7 Be8 42.Nf6 Bc6 43.h4 Bxg2 44.Ne8+ 
Kf7 45.Nd6+ Ke6 46.Nc4 Kf5 47.Nd6+ Kxe5 48.Nc4+ 
Kf5 49.Kf2 Bc6 50.Ne3+ Kf4 51.Ng2+ Kg4 52.b4 a6 
53.Ne3+ Kxh4 54.Nc4 b5 55.Ne5 Be8 56.Ke3 g5 
57.Nf3+ Kh5 58.Nd2 g4 0-1

[Event "HCL-A2582"]
[Site "www.playchess.de"]
[Date "2006.02.23"]
[Round "5"]
[White "victorabiodun03"]
[Black "micimaci"]
[WhiteElo "1357"]
[BlackElo "1900"]
[PlyCount "156"]
[Result "0-1"]

1.e4 e6 {e7-e6}  2.d3 d5 {d7-d5}  3.Nd2 Nf6 
{Ng8-f6}  4.Ngf3 Be7 {Bf8-e7}  5.e5 Nfd7 {Nf6-d7}  
6.g3 c5 {c7-c5}  7.Nb1 Nc6 {Nb8-c6}  8.Bf4 O-O 
{O-O}  9.Bg2 g5 {g7-g5}  10.Bd2 Ndxe5 {Nd7xe5}  
11.O-O Ng6 {Ne5-g6}  12.Nc3 a6 {a7-a6}  13.Qc1 f6 
{f7-f6}  14.h4 h6 {h7-h6}  15.Re1 Kg7 {Kg8-g7}  
16.hxg5 fxg5 {f6xg5}  17.Qd1 Bf6 {Be7-f6}  18.Nh2 
Bd4 {Bf6-d4}  19.Be3 Bxe3 {Bd4xe3}  20.fxe3 Qd6 
{Qd8-d6}  21.Ne2 Bd7 {Bc8-d7}  22.c4 Rae8 {Ra8-e8} 
 23.e4 d4 {d5-d4}  24.a3 e5 {e6-e5}  25.Qd2 b6 
{b7-b6}  26.Ref1 Na5 {Nc6-a5}  27.Rae1 Nb3 
{Na5-b3}  28.Qd1 Na5 {Nb3-a5}  29.Nc1 b5 {b6-b5}  
30.cxb5 axb5 {a6xb5}  31.Qh5 Qe6 {Qd6-e6}  32.Bf3 
Qh3 {Qe6-h3}  33.Qxh3 Bxh3 {Bd7xh3}  34.Rf2 Be6 
{Bh3-e6}  35.Ref1 c4 {c5-c4}  36.Bg4 Rxf2 {Rf8xf2} 
 37.Rxf2 Nb7 {Na5-b7}  38.Bxe6 Rxe6 {Re8xe6}  
39.Nf1 Rc6 {Re6-c6}  40.Rc2 Nd6 {Nb7-d6}  41.Nd2 
h5 {h6-h5}  42.b3 c3 {c4-c3}  43.Nf3 Ra6 {Rc6-a6}  
44.Ra2 Kf6 {Kg7-f6}  45.Ne1 Ra8 {Ra6-a8}  46.Nc2 
h4 {h5-h4}  47.Nb4 hxg3 {h4xg3}  48.Kg2 Nf4+ 
{Ng6-f4+}  49.Kxg3 Rh8 {Ra8-h8}  50.Rh2 Nxd3 
{Nf4xd3}  51.Ncxd3 Nxe4+ {Nd6xe4}  52.Kg2 Rxh2+ 
{Rh8xh2}  53.Kxh2 Nd6 {Ne4-d6}  54.a4 bxa4 {b5xa4} 
 55.bxa4 Kf5 {Kf6-f5}  56.a5 e4 {e5-e4}  57.Nc5 d3 
{d4-d3}  58.Ncxd3 exd3 {e4xd3}  59.Nxd3 Ke4 
{Kf5-f4}  60.Nb4 Kf3 {Ke4-f3}  61.a6 Nb5 {Nd6-b5}  
62.Kg1 g4 {g5-g4}  63.Nc2 Na7 {Nb5-a7}  64.Ne1+ 
Ke2 {Kf3-f2}  65.Nc2 Kd3 {Ke2-d3}  66.Nb4+ Kc4 
{Kd3-c4}  67.Nc2 Kb5 {Kc4-b5}  68.Kg2 Kxa6 
{Kb5xa6}  69.Kg3 Kb5 {Ka6-b5}  70.Kxg4 Kc4 
{Kb5-c4}  71.Kf3 Kd3 {Kc4-d3}  72.Ne1+ Kd2 
{Kd3-d2}  73.Kf2 Nc6 {Na7-c6}  74.Nf3+ Kd1 
{Kd2-d1}  75.Ne1 Ne5 {Nc6-e5}  76.Ng2 Ng4+ 
{Ne5-g4+}  77.Kf3 c2 {c3-c2}  78.Kxg4 {good game}  
c1Q {c2-c1Q}  0-1

[Event "HCL-C4130"]
[Site "www.playchess.de"]
[Date "2006.02.23"]
[Round "32"]
[White "Grunert"]
[Black "handrej68"]
[WhiteElo "1023"]
[BlackElo "1279"]
[PlyCount "32"]
[Result "0-1"]

1.d4 d5 2.e3 Bf5 3.Nc3 c6 4.h3 Nf6 5.b3 e6 6.Nf3 
Bb4 7.Bb2 Qa5 8.Qd2 Ne4 9.Qc1 Nxc3 10.Bxc3 Bxc3+ 
11.Ke2 Bxa1 12.Qxa1 Bxc2 13.g4 Bxb3 14.Bg2 Qxa2+ 
15.Qxa2 Bxa2 16.Ne5 Nd7 0-1

[Event "HCL-M844"]
[Site "www.playchess.de"]
[Date "2006.02.23"]
[Round "6"]
[White "ABE"]
[Black "DePoelmeester"]
[WhiteElo "1646"]
[BlackElo "1636"]
[PlyCount "68"]
[Result "1/2-1/2"]

1.e4 {hi and good luck}  c6 {the same 4 u!}  2.d4 
d6 3.Nf3 Nf6 4.Nc3 g6 5.Bc4 Bg7 6.Ng5 d5 7.exd5 
cxd5 8.Bb5+ Bd7 9.Bxd7+ Nbxd7 10.O-O O-O 11.Be3 
Rc8 12.Ne2 e5 13.dxe5 Nxe5 14.Nc3 Rc4 15.Bd4 Nfg4 
16.Bxe5 Bxe5 17.Nf3 Bxc3 18.bxc3 Qd6 19.Qd3 Rfc8 
20.Rfe1 R4xc3 21.Re8+ Rxe8 22.Qxc3 b6 23.h3 Ne5 
24.Nxe5 Rxe5 25.Rd1 Qe6 26.a3 Re2 27.Kf1 Qe4 
28.Rd3 Qe6 29.g4 h6 30.Rf3 Qe4 31.Qc8+ Kg7 32.Kg2 
Qe6 33.Qc3+ Qe5 34.Qb3 Qe4 {(offering draw)} 
 1/2-1/2

[Event "HCL-A2609"]
[Site "www.playchess.de"]
[Date "2006.02.23"]
[Round "10"]
[White "foinaven"]
[Black "Sobral"]
[WhiteElo "1439"]
[BlackElo "1434"]
[PlyCount "38"]
[Result "0-1"]

1.d4 Nf6 2.c4 g6 3.Nc3 Bg7 4.e4 d6 5.Nf3 O-O 6.Be2 
e5 7.O-O exd4 8.Nxd4 Re8 9.Qc2 Nxe4 10.Nxe4 Bxd4 
11.Bg5 f6 12.Bh6 Bf5 13.Bf3 Nc6 14.Rad1 Be5 15.a3 
Nd4 16.Qd3 Nxf3+ 17.Qxf3 Bxe4 18.Qxe4 Bxh2+ 
19.Kxh2 Rxe4 0-1

[Event "HCL-C4120"]
[Site "www.playchess.de"]
[Date "2006.02.23"]
[Round "4"]
[White "VITAL"]
[Black "aerandir10"]
[WhiteElo "1293"]
[BlackElo "800"]
[PlyCount "41"]
[Result "1-0"]

1.e4 {hallo}  e5 {hey, good luck}  2.Nf3 Nc6 3.Bc4 
Bc5 4.O-O Nf6 5.d3 O-O 6.Bg5 h6 7.Bh4 d6 8.Bxf6 
Qxf6 9.Nbd2 Be6 10.a3 Nd4 11.Nxd4 Bxd4 12.c3 Qg6 
13.Bxe6 Qxe6 14.cxd4 exd4 15.Nf3 c5 16.Nh4 b5 
17.Nf5 g6 18.Nxh6+ Kg7 19.Ng4 d5 20.Re1 dxe4 
21.Rxe4 1-0

[Event "HCL-C4120"]
[Site "www.playchess.de"]
[Date "2006.02.23"]
[Round "6"]
[White "n4337m"]
[Black "aerandir10"]
[WhiteElo "1464"]
[BlackElo "800"]
[PlyCount "36"]
[Result "1-0"]

1.e4 {good luck}  e5 {good luck}  2.Nf3 {What's 
new in Belgium ?}  Nc6 {not much}  3.Bb5 d6 4.d4 
Bd7 5.O-O Nf6 6.d5 Ne7 7.Bd3 g6 8.c4 Bg7 9.Nc3 O-O 
10.h3 c6 11.Bg5 cxd5 12.cxd5 Nh5 13.Qd2 Bf6 
14.Rac1 Rc8 15.g4 Ng7 16.Bxf6 Ne8 17.Bg5 f6 18.Bh6 
Ng7 1-0

[Event "HCL-C4120"]
[Site "www.playchess.de"]
[Date "2006.02.23"]
[Round "5"]
[White "aerandir10"]
[Black "cxstevec"]
[WhiteElo "800"]
[BlackElo "1276"]
[PlyCount "47"]
[Result "0-1"]

1.e4 {good luck}  c5 {Tks, have a nice game}  
2.Nf3 d6 3.Bb5+ Nd7 4.d3 Ngf6 5.O-O g6 6.Bg5 Bg7 
7.Nc3 O-O 8.Bxf6 Bxf6 9.Nd5 Bxb2 10.Rb1 Bg7 
11.Bxd7 Qxd7 12.h3 a6 13.c4 Rb8 14.Nd2 b5 15.a3 e6 
16.Ne3 a5 17.cxb5 Rxb5 18.Rb3 a4 19.Rxb5 Qxb5 
20.Ndc4 d5 21.Nd6 Qb3 22.Nxc8 Rxc8 23.Qc1 Qxd3 
24.Rd1 0-1

[Event "HCL-C4103"]
[Site "www.playchess.de"]
[Date "2006.02.23"]
[Round "5"]
[White "tbouma"]
[Black "Grunert"]
[WhiteElo "1172"]
[BlackElo "993"]
[PlyCount "79"]
[Result "1-0"]

1.d4 d5 2.Bf4 e6 3.e3 h6 4.Nf3 f6 5.Bd3 Bd6 6.Bg6+ 
Ke7 7.Bxd6+ Qxd6 8.c3 Bd7 9.O-O Be8 10.Nh4 Nc6 
11.Qd3 Kd7 12.Nd2 Nce7 13.Bxe8+ Rxe8 14.Qb5+ Qc6 
15.Qb3 b6 16.Nhf3 Nf5 17.Rfe1 Nge7 18.Nf1 Kc8 
19.Qa3 a5 20.N1d2 Qb7 21.c4 dxc4 22.Nxc4 Nd5 23.e4 
Nxd4 24.Nxd4 Nf4 25.Qf3 e5 26.Nb5 Qa6 27.a4 Red8 
28.Qg4+ Kb8 29.Rad1 Rxd1 30.Rxd1 Qc8 31.Qxc8+ Kxc8 
32.Kf1 h5 33.Na7+ Kb7 34.Nb5 h4 35.h3 Kc6 36.Ne3 
g5 37.Nf5 Rh5 38.Rc1+ Kb7 39.Rxc7+ Ka6 
40.Ra7+ 1-0

[Event "HCL-E1561"]
[Site "www.playchess.de"]
[Date "2006.02.23"]
[Round "20"]
[White "Vinci"]
[Black "chess50"]
[WhiteElo "1561"]
[BlackElo "2155"]
[PlyCount "46"]
[Result "0-1"]

1.e4 {hello and nice game!}  e5 2.Nf3 Nf6 3.d4 
exd4 4.e5 Ne4 5.Qxd4 d5 6.Nbd2 Bc5 7.Qa4+ Bd7 
8.Qb3 {already lost after 6 moves. i did not see 
your attack with the bishop and f2.}  Nxf2 9.Qxd5 
Qe7 10.Nb3 Nxh1 11.Nxc5 Bc6 12.Qd4 Bxf3 13.gxf3 
Nc6 14.Bb5 Rd8 15.Bxc6+ bxc6 16.Qc4 O-O 17.Nd3 
Rxd3 18.cxd3 Qxe5+ 19.Kd2 Qxh2+ 20.Kc3 Qe2 21.Bf4 
Nf2 22.Bxc7 Nd1+ 23.Rxd1 {congratulation for this 
(at least for me) exciting game! i give up next 
move.}  Qxd1 0-1

[Event "HCL-M869"]
[Site "www.playchess.de"]
[Date "2006.02.23"]
[Round "12"]
[White "Roadkill"]
[Black "Vince"]
[WhiteElo "1912"]
[BlackElo "1744"]
[PlyCount "59"]
[Result "1-0"]

1.d4 {hi good luck}  d5 {You too...}  2.c4 e6 
3.Nc3 Nf6 4.cxd5 Nxd5 5.e4 Nxc3 6.bxc3 Nc6 7.Bb5 
Bd6 8.e5 Be7 9.Qg4 Bf8 10.Nf3 f5 11.Qg3 Qd5 12.Be2 
Qa5 13.Bd2 g6 14.O-O Qa3 15.Rfb1 Be7 16.Rb3 Qa5 
17.Bb5 O-O 18.Bh6 Rd8 19.Bg5 Bxg5 20.Nxg5 Re8 
21.Qh4 h5 22.Nf3 Rf8 23.Qg5 Kh7 24.Bxc6 Rg8 
25.Qe7+ Rg7 26.Ng5+ Kh6 27.Qf8 Kxg5 28.Qxg7 bxc6 
29.h4+ Kf4 30.Re1 1-0

[Event "HCL-C4130"]
[Site "www.playchess.de"]
[Date "2006.02.23"]
[Round "26"]
[White "newplayer"]
[Black "valpa"]
[WhiteElo "1088"]
[BlackElo "1090"]
[PlyCount "57"]
[Result "1-0"]

1.e4 Nf6 2.e5 Nd5 3.c4 Nb6 4.c5 Nd5 5.Bc4 e6 
6.Bxd5 exd5 7.d4 Nc6 8.Be3 d6 9.cxd6 cxd6 10.exd6 
Qxd6 11.a3 Be7 12.Nf3 O-O 13.O-O Bg4 14.h3 Bxf3 
15.Qxf3 Rfe8 16.Qg4 g6 17.h4 Rac8 18.h5 Bf6 
19.hxg6 fxg6 20.Nc3 Ne7 21.Nb5 Qb6 22.a4 Nf5 
23.Rad1 Nd6 24.Nxd6 Qxd6 25.g3 b6 26.Rdc1 Rxc1 
27.Rxc1 Qb4 28.Qd7 a5 29.Qxe8+ 1-0

[Event "HCL-A2598"]
[Site "www.playchess.de"]
[Date "2006.02.23"]
[Round "34"]
[White "victorabiodun03"]
[Black "RUDI"]
[WhiteElo "1378"]
[BlackElo "1234"]
[PlyCount "47"]
[Result "1-0"]

1.e4 e5 2.Nf3 Nc6 3.d4 exd4 4.Nxd4 Nxd4 5.Qxd4 d6 
6.Nc3 Nf6 7.Be2 Be7 8.O-O O-O 9.Bg5 c5 10.Qd2 a6 
11.Rad1 Ne8 12.Be3 Be6 13.f4 Qc7 14.f5 Bd7 15.Nd5 
Qd8 16.g4 Nf6 17.Nxf6+ gxf6 18.h4 b5 19.Bxc5 Bc6 
20.Bd4 Qc7 21.g5 d5 22.Qe3 dxe4 23.gxf6 Kh8 
24.fxe7+ 1-0

[Event "HCL-B3835"]
[Site "www.playchess.de"]
[Date "2006.02.23"]
[Round "16"]
[White "King_Slayer"]
[Black "christianxxl"]
[WhiteElo "1273"]
[BlackElo "1442"]
[PlyCount "47"]
[Result "1-0"]

1.d4 {Hi and Good Luck}  d5 2.c4 dxc4 3.Nc3 Nf6 
4.e4 e6 5.Bxc4 Bb4 6.Nge2 Nxe4 7.O-O Nxc3 8.bxc3 
Bd6 9.Rb1 O-O 10.Qc2 Nc6 11.Bb2 a6 12.Bd3 g6 
13.Ng3 Qh4 14.Qd2 f5 15.Rbe1 f4 16.Ne4 f3 17.g3 
Qe7 18.Qd1 e5 19.dxe5 Bxe5 20.Qc1 Bh3 21.Ba3 Qd7 
22.Red1 Bxf1 23.Bc4+ Bxc4 24.Rxd7 1-0

[Event "HCL-E1582"]
[Site "www.playchess.de"]
[Date "2006.02.23"]
[Round "35"]
[White "chess50"]
[Black "yannick"]
[WhiteElo "2085"]
[BlackElo "1554"]
[PlyCount "99"]
[Result "1-0"]

1.e4 d6 2.d4 Nf6 3.Nc3 g6 4.f4 Bg7 5.Nf3 {bon 
giorno!!!}  O-O {good morning}  6.Bd3 Nc6 7.O-O 
Bg4 8.e5 dxe5 9.dxe5 Nd5 10.h3 Nxc3 11.bxc3 Bf5 
12.Be3 Qd7 13.Qe2 Rad8 14.Rad1 b6 15.Bb5 Qe6 
16.Ng5 Qxa2 17.Bxc6 Qxc2 18.Qxc2 Bxc2 19.Rd4 h6 
20.Rc1 Rxd4 21.cxd4 hxg5 22.Rxc2 gxf4 23.Bxf4 Rd8 
24.d5 e6 25.d6 cxd6 26.Bg5 Rf8 27.exd6 Bd4+ 28.Kf1 
f6 29.Bc1 Rd8 30.Ba3 Kf7 31.Bb5 Bc5 32.Bxc5 bxc5 
33.d7 e5 34.Rxc5 Ke6 35.Rc7 a6 36.Ba4 g5 37.Ra7 
Rb8 38.Rxa6+ Ke7 39.Kf2 Rd8 40.Ke3 Rb8 41.Ke4 Rb4+ 
42.Kf5 Rf4+ 43.Kg6 Rd4 44.Ra8 Rxd7 45.Bxd7 Kxd7 
46.Kxf6 g4 47.hxg4 e4 48.g5 e3 49.Ra6 e2 
50.Re6 1-0

[Event "HCL-A2621"]
[Site "www.playchess.de"]
[Date "2006.02.23"]
[Round "6"]
[White "gridguy"]
[Black "PhilipKaveny"]
[WhiteElo "1577"]
[BlackElo "1324"]
[PlyCount "57"]
[Result "1-0"]

1.d4 g6 2.c4 d6 3.Nc3 Bg7 4.Bg5 Nf6 5.Nf3 O-O 6.e3 
c6 7.Bd3 a6 8.O-O b5 9.c5 d5 10.Re1 b4 11.Na4 Nbd7 
12.a3 bxa3 13.bxa3 h6 14.Bh4 Ne4 15.Bxe4 dxe4 
16.Nd2 f5 17.f4 Rb8 18.Rb1 Rxb1 19.Qxb1 Qa5 20.Qb4 
Qxb4 {Not as good a move as I thought}  21.axb4 
{he-he... now you're just being nice to say that. 
You've got me paranoid now after the other game.}  
Nf6 22.Nc4 Be6 23.Ne5 Bb3 24.Ra1 Kh7 25.Nxc6 Nd5 
26.Bf2 Bc4 27.Na7 Nxb4 28.c6 Be6 
29.Nb6 1-0

[Event "HCL-E1581"]
[Site "www.playchess.de"]
[Date "2006.02.23"]
[Round "2"]
[White "Duffy"]
[Black "ippuli"]
[WhiteElo "1610"]
[BlackElo "1608"]
[PlyCount "61"]
[Result "1-0"]

1.d4 {Hi, good luck in the games}  Nf6 {To you, 
too....}  2.Nf3 {I see you have been playing a 
friend of mine, scylla}  d5 {Yes, only one game, I 
was lucky! :)}  3.c4 {He organized tournaments in 
our area for awhile. How do you play 2 games per 
opp. in some tourneys? Is that a member thing?}  
e6 {In tournaments with 2 rounds, there is 2 games 
against everybody, both colours. I don't know if 
they are only for members...}  4.Nc3 {That sounds 
like fun, have to check it out}  Nc6 5.Bg5 h6 
6.Bh4 Bb4 {Does your nickname come from DUFF-beer 
in The Simpsons?? :)}  7.e3 {:) it's actually a 
nickname my wife's children gave me. They have a 
grandfather, so they came up with an affectionate 
name for me}  g5 {I see.}  8.Bg3 Ne4 9.Qc2 f5 
10.a3 Bxc3+ 11.bxc3 Qf6 12.Bxc7 O-O {Oops...}  
13.Be5 Nxe5 14.Nxe5 f4 15.f3 Nd6 16.e4 Re8 
17.O-O-O a6 18.Bd3 b5 19.c5 Nc4 20.Bxc4 bxc4 21.h4 
gxh4 22.Rh2 Ra7 23.Rdh1 dxe4 24.R2xh4 Rh7 25.Qxe4 
Ree7 26.Qg6+ Qxg6 27.Nxg6 Ref7 28.Nxf4 Rfg7 
29.R4xh6 Rxh6 30.Rxh6 Re7 31.Rh8+ 1-0

[Event "HCL-A2623"]
[Site "www.playchess.de"]
[Date "2006.02.23"]
[Round "9"]
[White "hal1958"]
[Black "PhilipKaveny"]
[WhiteElo "1416"]
[BlackElo "1324"]
[PlyCount "55"]
[Result "1-0"]

1.b4 {have a nice game}  e5 {Yes
}  2.Bb2 Bxb4 3.Bxe5 Nf6 4.e3 O-O 5.Nf3 Nc6 6.Bb2 
d5 7.c4 Be7 8.cxd5 Qxd5 9.Nc3 Qd8 10.h3 a5 11.a3 
Rb8 12.Bb5 Na7 13.Be2 c6 14.O-O b5 15.d4 h6 16.Bd3 
Qb6 17.Ne5 b4 18.Na4 Qc7 19.axb4 axb4 20.Rc1 Bb7 
21.Qc2 Rfc8 22.Qb3 Nd5 23.e4 Nc3 {Do you have your 
program  on a lap top or a dedicated system}  
24.Qxf7+ {I don't use a program. As you should 
know using a program is not allowed.}  Kh7 {To be 
honest it was just that at least against me you 
play so much above your rating. My intent was 
ironic not critical}  25.Nxc3 {Hmm, normaly my 
rating should be around 1450-1500. Because of some 
bad games it now has dropped to around 1400.}  
bxc3 26.Bxc3 Bg5 27.Qg6+ Kg8 28.Bc4+ 1-0

[Event "HCL-A2588"]
[Site "www.playchess.de"]
[Date "2006.02.23"]
[Round "1"]
[White "dynamike"]
[Black "Djusta"]
[WhiteElo "1442"]
[BlackElo "1268"]
[PlyCount "53"]
[Result "1-0"]

1.e4 e5 2.Nf3 Nf6 3.Nc3 d6 4.h3 Nc6 5.Bc4 h6 6.d4 
exd4 7.Nxd4 Nxd4 8.Qxd4 Be6 9.Bxe6 fxe6 10.O-O Be7 
11.Be3 Qd7 12.Rad1 e5 13.Qb4 b6 14.f4 O-O 15.fxe5 
c5 16.Qb3+ Kh8 17.exf6 gxf6 18.Bxh6 Rfg8 19.Nd5 
Rg6 20.Bc1 Rag8 21.Nf4 R6g3 22.Rf3 Rxf3 23.Qxf3 b5 
24.Nd3 a5 25.Qh5+ Kg7 26.Bh6+ Kh7 27.Bf8+ {Thanks 
for the nice game!}  1-0

[Event "HCL-C4172"]
[Site "www.playchess.de"]
[Date "2006.02.23"]
[Round "5"]
[White "Veltliner"]
[Black "sonnenschein"]
[WhiteElo "1382"]
[BlackElo "800"]
[PlyCount "172"]
[Result "0-1"]

1.e3 d5 2.Nc3 Nf6 3.Nf3 Nc6 4.Bb5 a6 5.Bxc6+ bxc6 
6.O-O Ne4 7.Nxe4 dxe4 8.Nd4 Bb7 9.c3 e6 10.Qg4 Qd5 
11.Qg3 g6 12.Qxc7 Qd7 13.Qxd7+ Kxd7 14.a4 c5 
15.Ne2 Rd8 16.Nf4 Kc8 17.Nh3 Bg7 18.Ng5 Rd7 19.Rd1 
h6 20.Nh3 c4 21.Nf4 f5 22.Nxg6 Rhd8 23.Nf4 R7d6 
24.Ng6 R8d7 25.a5 Bc6 26.Nf4 Be5 27.Ne2 h5 28.Ra3 
Bb5 29.Kh1 Rf7 30.Ng1 f4 31.Nh3 fxe3 32.fxe3 Rd8 
33.Ng5 Rf2 34.Nxe4 Re2 35.Nc5 Bd6 36.Nxe6 Rg8 
37.g3 Bxa3 38.bxa3 Bc6+ 39.Kg1 Rg2+ 40.Kf1 Rxh2 
41.Nf4 Rxg3 42.d4 Rf3+ 43.Ke1 Ba4 44.Rd2 Rxe3+ 
45.Ne2 Rh1+ 46.Kf2 Rxe2+ 47.Rxe2 Rxc1 48.Re5 
{(offering draw)}  h4 49.Rc5+ Kb7 50.Kg2 Bc6+ 
51.d5 Rc2+ 52.Kh3 Bd7+ 53.Kxh4 Rxc3 54.Kg5 
{(offering draw)}  Re3 55.Rxc4 Re5+ 56.Kf6 Rxd5 
57.Ke7 Bb5 58.Rc3 Rd7+ 59.Ke6 Rd3 60.Rxd3 Bxd3 
61.Kd5 Bb5 62.Kc5 {(offering draw)}  Kc7 63.Kd5 
Ba4 64.Kc5 Bb5 65.Kb4 Be2 66.Kc5 Kd7 67.Kb4 Kc6 
68.a4 Kd5 69.Kb3 Kc5 70.Kc3 Bf1 71.Kb3 Be2 72.Kc3 
Bf1 73.Kb3 Be2 74.Kc3 Bf1 75.Kb3 Be2 76.Kc3 Bf1 
77.Kb3 Kd4 78.Kb4 {(offering draw)}  Ke3 79.Kc5 
Kd2 80.Kb4 Kc2 81.Kc5 Kb3 82.Kb6 Kxa4 83.Kc5 Kxa5 
84.Kd4 Kb4 85.Ke3 a5 86.Kd2 Kb3 0-1

[Event "HCL-A2609"]
[Site "www.playchess.de"]
[Date "2006.02.23"]
[Round "7"]
[White "Sobral"]
[Black "archship"]
[WhiteElo "1434"]
[BlackElo "1273"]
[PlyCount "59"]
[Result "1-0"]

1.e4 c5 2.Nf3 d6 3.d4 cxd4 4.Nxd4 a6 5.Nc3 Nf6 
6.Be3 g6 7.f3 Bg7 8.Qd2 b6 9.Bc4 Bb7 10.Nde2 b5 
11.Bb3 Nfd7 12.Bd4 O-O 13.Bxg7 Kxg7 14.Nd5 e6 
15.Ndf4 Nc5 16.O-O Nxb3 17.axb3 Nc6 18.Nd4 Nxd4 
19.Qxd4+ e5 20.Qc3 b4 21.Qxb4 exf4 22.Qxb7 Qc8 
23.Qxc8 Rfxc8 24.c3 a5 25.Rfd1 Rc6 26.Rd5 Rc5 
27.Rxd6 Rac8 28.Rd5 Rxd5 29.exd5 Rd8 
30.Rxa5 1-0

[Event "ACL-A645"]
[Site "www.playchess.de"]
[Date "2006.02.23"]
[Round "19"]
[White "Palhares"]
[Black "M_L"]
[WhiteElo "1787"]
[BlackElo "1500"]
[PlyCount "75"]
[Result "1/2-1/2"]

1.e4 {hello and good games}  e5 {Hi there, good 
games..=)}  2.Nf3 Nc6 3.Bb5 a6 4.Ba4 Nf6 5.O-O Be7 
6.Re1 b5 7.Bb3 d6 8.c3 O-O 9.h3 Na5 10.Bc2 c5 
11.d4 Qc7 12.Nbd2 cxd4 13.cxd4 Nc6 14.Nb3 a5 
15.Be3 a4 16.Nbd2 Bd7 17.Rc1 Rfc8 18.Nf1 Qb7 
19.Ng3 Bd8 20.Bd3 Ba5 21.Re2 Rc7 22.a3 h6 23.Rec2 
Rac8 24.Qe2 Bb6 25.d5 Na5 26.R2xc7 Rxc7 27.Rxc7 
Bxc7 28.Nh4 Bd8 29.Ngf5 Ne8 30.Qg4 Kh7 31.Qh5 Bc8 
32.Nxh6 gxh6 33.Bxb5 Qxb5 34.Qxf7+ Ng7 35.Ng6 Qe8 
36.Nf8+ Kh8 37.Ng6+ Kh7 38.Nf8+ {(offering draw) 
interesting game, but I think it is over now} 
 1/2-1/2

[Event "HCL-C4061"]
[Site "www.playchess.de"]
[Date "2006.02.23"]
[Round "6"]
[White "mothball"]
[Black "Talisman77"]
[WhiteElo "1292"]
[BlackElo "1225"]
[PlyCount "64"]
[Result "0-1"]

1.Nf3 d6 2.g3 e5 3.d3 Bg4 4.Bg2 Nf6 5.O-O Nc6 
6.Nbd2 d5 7.Re1 Bc5 8.c3 O-O 9.e4 Be6 10.Nb3 Bb6 
11.Qe2 Re8 12.Ng5 Bg4 13.Qc2 h6 14.h3 hxg5 15.hxg4 
Nxg4 16.Be3 Bxe3 17.fxe3 Qd6 18.Bf3 Nf6 19.Qh2 
dxe4 20.dxe4 b6 21.Kf2 Ne7 22.Reh1 Ng6 23.Bh5 Nxh5 
24.Qxh5 Qf6+ 25.Ke2 Rad8 26.Raf1 Qd6 27.Qxg5 Qd3+ 
28.Kf3 Rd6 29.Kg2 Qxe4+ 30.Kh3 Nf4+ 31.gxf4 Rh6+ 
32.Kg3 Rg6 0-1

[Event "HCL-E1561"]
[Site "www.playchess.de"]
[Date "2006.02.23"]
[Round "13"]
[White "Abra"]
[Black "ippuli"]
[WhiteElo "1503"]
[BlackElo "1579"]
[PlyCount "111"]
[Result "1-0"]

1.e4 {Hello, wish you a nice game from the 
Netherlands.
}  e5 {Hello! A nice game to you, too, from 
Finland...}  2.Nf3 f5 3.exf5 d6 4.g4 Nf6 5.h3 h5 
6.g5 Ne4 7.h4 Bxf5 8.Bh3 Qd7 9.Bxf5 Qxf5 10.Qe2 
Nc6 11.d3 Nc5 12.Nc3 O-O-O 13.a3 Nd4 14.Nxd4 Qf7 
15.Nf3 Re8 16.Be3 e4 17.dxe4 Nxe4 18.Nxe4 Rxe4 
19.Nd4 g6 20.Nb3 Bg7 21.Rb1 Rhe8 22.Kd2 R8e5 
23.Rbe1 a5 24.Kc1 a4 25.Nd2 Qa2 26.Nxe4 Qa1+ 
27.Kd2 Rd5+ 28.Bd4 Rxd4+ 29.Ke3 Qxb2 30.Kf3 Qxa3+ 
31.Kg2 Be5 32.Reb1 d5 33.Nf6 Bxf6 34.Qe6+ Kb8 
35.Qxf6 Rg4+ 36.Kf1 Qa2 37.Qf8+ Ka7 38.Qc5+ Ka8 
39.Qb5 b6 40.Rc1 Qa3 41.Qxd5+ Ka7 42.Re1 Qb4 
43.Qd3 Qc5 44.Re3 Rd4 45.Qxg6 Qd5 46.Rhh3 Qb5+ 
47.Kg2 Rd1 48.Red3 Qb1 49.Rxd1 Qxd1 50.Qe4 Qd6 
51.Qxa4+ Kb7 52.Qe4+ Kb8 53.g6 Qf6 54.Rf3 Qh8 
55.Rf7 Qg8 56.Qf5 1-0

[Event "HCL-A2625"]
[Site "www.playchess.de"]
[Date "2006.02.23"]
[Round "4"]
[White "grannialex"]
[Black "snake1138"]
[WhiteElo "1800"]
[BlackElo "1700"]
[PlyCount "42"]
[Result "1-0"]

1.d4 d5 2.c4 dxc4 3.Nf3 Nf6 4.e3 b5 5.a4 Bd7 
6.axb5 Bxb5 7.b3 e6 8.bxc4 Bc6 9.Be2 Nbd7 10.O-O 
Bd6 11.Nc3 O-O 12.Qc2 Bb4 13.Ba3 Bxa3 14.Rxa3 Qe7 
15.Rfa1 e5 16.R3xa7 exd4 17.Nxd4 Be4 18.Nxe4 Nxe4 
19.R7xa8 Rxa8 20.Rxa8+ Qe8 {(offering draw)}  
21.Rxe8+ Nf8 1-0

[Event "HCL-B3799"]
[Site "www.playchess.de"]
[Date "2006.02.23"]
[Round "17"]
[White "MasterStefan"]
[Black "Bense"]
[WhiteElo "1241"]
[BlackElo "1012"]
[PlyCount "109"]
[Result "1-0"]

1.e4 e5 2.Nf3 f6 3.d4 d6 4.d5 c6 5.c4 cxd5 6.cxd5 
b6 7.Nc3 Bd7 8.Bb5 a6 9.Qa4 Ne7 10.Be3 Nc8 11.O-O 
Ra7 12.Rfd1 Bxb5 13.Nxb5 axb5 14.Qxb5+ Qd7 15.Qc4 
Ra4 16.Qc3 Rxe4 17.Rac1 b5 18.Qxc8+ Qd8 19.Bb6 
Qxc8 20.Rxc8+ Kf7 21.Rxb8 g5 22.h3 h5 23.Rc1 g4 
24.hxg4 Rxg4 25.Rc7+ Kg6 26.g3 h4 27.Nxh4+ Rhxh4 
28.Rxf8 Rh6 29.Rcf7 Kg5 30.Bd8 Rd4 31.Bxf6+ Kh5 
32.Rg7 Rd1+ 33.Kg2 Rg6 34.g4+ Rxg4+ 35.Rxg4 Kxg4 
36.Be7 Rxd5 37.f3+ Kh5 38.Kg3 Rd2 39.Rh8+ Kg6 
40.a3 Rxb2 41.Bxd6 Rb3 42.Bxe5 Rxa3 43.Kg4 b4 
44.Rg8+ Kf7 45.Rb8 b3 46.f4 Ke6 47.Bc3 Kd5 48.f5 
Kc4 49.f6 Kxc3 50.f7 Ra4+ 51.Kf3 b2 52.f8Q Ra1 
53.Qc5+ Kd2 54.Rxb2+ Kd1 55.Qg1+ 1-0

[Event "HCL-E1582"]
[Site "www.playchess.de"]
[Date "2006.02.23"]
[Round "31"]
[White "chess50"]
[Black "gridguy"]
[WhiteElo "2085"]
[BlackElo "1629"]
[PlyCount "23"]
[Result "1-0"]

1.e4 c5 2.c3 Nc6 3.d4 cxd4 4.cxd4 d5 5.Nc3 dxe4 
6.d5 Ne5 7.Qa4+ Bd7 8.Qxe4 Ng6 9.Qd4 e5 10.dxe6 
Qe7 11.Qxd7+ Qxd7 12.exd7+ 1-0

[Event "HCL-E1565"]
[Site "www.playchess.de"]
[Date "2006.02.23"]
[Round "3"]
[White "Reinbo"]
[Black "Tio"]
[WhiteElo "1808"]
[BlackElo "1405"]
[PlyCount "29"]
[Result "1-0"]

1.e4 e6 {Hi. Good luck with the game . . .}  2.d4 
{Have a nice game.}  c5 3.d5 exd5 4.exd5 d6 5.Bd3 
Nf6 6.c4 Be7 7.Nc3 Nbd7 8.Nf3 O-O 9.O-O Ne5 
10.Nxe5 dxe5 11.Re1 Bd6 12.Bg5 g6 13.Ne4 Qe7 
14.Bxf6 Qd7 15.Qd2 1-0

[Event "HCL-T259"]
[Site "www.playchess.de"]
[Date "2006.02.23"]
[Round "6"]
[White "ulibear"]
[Black "marceli"]
[WhiteElo "1199"]
[BlackElo "1833"]
[PlyCount "64"]
[Result "0-1"]

1.d4 Nf6 2.c4 c5 3.d5 e6 4.Nc3 {hallo und viel 
Glück! :-)}  Na6 {vielen Dank}  5.e4 d6 6.Be2 Be7 
7.a3 O-O 8.Nf3 Nc7 9.O-O a6 10.dxe6 fxe6 11.e5 
dxe5 12.Qxd8 Rxd8 13.Nxe5 Nd7 14.Nxd7 Bxd7 15.Bf3 
Ra7 16.Bf4 b5 17.cxb5 Nxb5 18.Rac1 Bf6 19.Ne4 Bxb2 
20.Rxc5 Nd4 21.Bd1 Bxa3 22.Ra5 Bb4 23.Ra2 Bb5 
24.Be3 Bxf1 25.Kxf1 a5 26.f4 Rad7 27.Ba4 R7d5 
28.Ng3 Rc8 29.Kf2 Kf7 30.f5 Nxf5 31.Bb3 Nxe3 
32.Kxe3 Rc3+ 0-1